000 00856nam a2200205 i 4500
001 48993
003 ES-MaACL
005 20230906161848.0
007 t|
008 030704s1876 sp ||||1| spa d
100 1 _aCoroleu é Inglada, José.
_940650
245 1 3 _aLas Cortes Catalanas
_b: estudio jurídico y comparativo de su organización /
_cpor José Coroleu e Inglada y José Pella y Forgas.
260 _aBarcelona :
_b[s.n.],
_c1876 (
_fImp. Revista Historia Latina)
300 _aX, 417 p. ;
_c21 cm.
530 _aDisponible en formato digital.
610 2 4 _aCataluña (Principado).
_bCortes-
_vHistoria.
_9154098
700 1 _aPella y Forgas, José.
_990052
852 _aES-MaACL
_jC-2875
856 _uhttp://bibliotecadigitalhispanica.bne.es:80/webclient/DeliveryManager?pid=3800828&custom_att_2=simple_viewer
_zBiblioteca Digital Hispánica
999 _c48993
_d48993